000 00427cam a2200181ua 4500
020 _c1.50
041 _ahin
_h
082 _a891.54
_bGOP/RA
100 _aGopal Singh, Nepali .
245 _aRagini /
_cGopal Singh Nepali.
_hTextual Documents
250 _a1 /
_b.
260 _a :
_bRashtriya Prakashan Mandal ,
_c1962.
300 _a70 ; .
365 _a1.50
504 _a
942 _cBK
999 _c8155
_d8155